[Event "Arco op 45th"]
[Site "Arco"]
[Date "2023.10.08"]
[Round "2"]
[White "Rappazzo, Johannes"]
[Black "Gardini, Enrico"]
[Result "1-0"]
[WhiteElo "2081"]
[BlackElo "1665"]
[PlyCount "63"]
[EventDate "2023.10.07"]
[EventType "swiss"]
[EventRounds "9"]
[EventCountry "ITA"]
[SourceTitle "Mega2024 Update 01"]
[Source "Chessbase"]
[SourceDate "2023.11.12"]
[SourceVersion "1"]
[SourceVersionDate "2023.11.12"]
[SourceQuality "1"]

1. e4 c6 2. Nc3 d5 3. Nf3 Bg4 4. h3 Bh5 5. exd5 cxd5 6. g4 Bg6 7. Ne5 Nc6 8. d4 e6 9. h4 f6 10. Nxg6 hxg6 11. Qd3 f5 12. Bg5 Be7 13. Bxe7 Qxe7 14. g5 Qb4 15. 0-0-0 0-0-0 16. Ne2 Nge7 17. a3 Qd6 18. Qe3 Na5 19. Nf4 Kd7 20. Bb5+ Nac6 21. Rde1 a6 22. Bxc6+ Nxc6 23. Nxg6 Rhe8 24. h5 Rc8 25. h6 Ne7 26. Ne5+ Kc7 27. h7 Kb8 28. c3 Qc7 29. Rh3 Nc6 30. Ng6 Qf7 31. h8Q Rxh8 32. Nxh8 1-0

[Event "Lugano op"]
[Site "Lugano"]
[Date "2014.11.08"]
[Round "2"]
[White "Medici, Simone"]
[Black "Gardini, Enrico"]
[Result "1-0"]
[WhiteElo "2110"]
[BlackElo "1839"]
[PlyCount "61"]
[EventDate "2014.11.07"]
[EventType "swiss"]
[EventRounds "5"]
[EventCountry "SUI"]
[SourceTitle "EXT 2015"]
[Source "ChessBase"]
[SourceDate "2014.11.20"]
[SourceVersion "1"]
[SourceVersionDate "2014.11.20"]
[SourceQuality "1"]

1. d4 Nf6 2. c4 g6 3. Nc3 Bg7 4. e4 d6 5. f4 e6 6. Be3 0-0 7. Nf3 Ng4 8. Bg1 b6 9. h3 Nf6 10. Bd3 Bb7 11. Be3 Nbd7 12. Qd2 c5 13. d5 exd5 14. exd5 Ne8 15. g4 Nc7 16. 0-0-0 a6 17. h4 b5 18. h5 bxc4 19. Bxc4 Bxc3 20. Qxc3 Qf6 21. Qc2 Rfe8 22. g5 Qe7 23. Bd2 Qe4 24. Qc3 Nxd5 25. Bxd5 Bxd5 26. hxg6 Qxg6 27. Rh6 Qe4 28. g6 fxg6 29. Rxh7 Nf6 30. Qxf6 Qc4+ 31. Bc3 1-0

[Event "Arco op 36th"]
[Site "Arco"]
[Date "2014.10.11"]
[Round "8"]
[White "Donadi, Luca"]
[Black "Gardini, Enrico"]
[Result "1/2-1/2"]
[WhiteElo "1773"]
[BlackElo "1850"]
[PlyCount "77"]
[EventDate "2014.10.04"]
[EventType "swiss"]
[EventRounds "9"]
[EventCountry "ITA"]
[SourceTitle "EXT 2016"]
[Source "ChessBase"]
[SourceDate "2015.10.08"]
[SourceVersion "1"]
[SourceVersionDate "2015.10.08"]
[SourceQuality "1"]

1. e4 e5 2. Nf3 Nc6 3. Bc4 Nf6 4. Ng5 d5 5. exd5 Na5 6. Bb5+ Bd7 7. Qe2 Be7 8. Ne4 Nxd5 9. Bxd7+ Qxd7 10. d3 Nc6 11. Nbc3 Nd4 12. Qd1 Nb4 13. 0-0 Nbxc2 14. Rb1 Nb4 15. a3 Nbc6 16. b4 0-0 17. b5 Nd8 18. f4 exf4 19. Rxf4 N8e6 20. Rf1 Rad8 21. a4 f5 22. Nd2 Nc5 23. Nc4 Nde6 24. Be3 Nxd3 25. Qf3 f4 26. Bxa7 b6 27. Qc6 Qxc6 28. bxc6 Bc5+ 29. Kh1 Nf2+ 30. Rxf2 Bxf2 31. a5 Nd4 32. axb6 Nxc6 33. bxc7 Bxa7 34. cxd8Q Rxd8 35. Ne2 Be3 36. h3 Kf7 37. Rf1 Ke7 38. Nxf4 Bxf4 39. Rxf4 1/2-1/2

[Event "Arco op 33rd"]
[Site "Arco"]
[Date "2011.10.22"]
[Round "1"]
[White "Gardini, Enrico"]
[Black "Bonanzinga, Corrado"]
[Result "0-1"]
[WhiteElo "1822"]
[BlackElo "2136"]
[PlyCount "60"]
[EventDate "2011.10.22"]
[EventType "swiss"]
[EventRounds "9"]
[EventCountry "ITA"]
[SourceTitle "EXT 2024"]
[Source "ChessBase"]
[SourceDate "2023.10.10"]
[SourceVersion "1"]
[SourceVersionDate "2023.10.10"]
[SourceQuality "1"]

1. c4 Nf6 2. Nc3 e6 3. Nf3 b6 4. g3 Bb7 5. Bg2 Be7 6. 0-0 0-0 7. b3 c5 8. d4 cxd4 9. Qxd4 d5 10. cxd5 Nxd5 11. Nxd5 Bxd5 12. Bb2 Bf6 13. Qd2 Nd7 14. Rad1 Nc5 15. Bxf6 Qxf6 16. Qd4 Rac8 17. Qxf6 gxf6 18. Nd2 Rfd8 19. Bxd5 Rxd5 20. Nc4 Rcd8 21. Ne3 Rd2 22. Kg2 Ne4 23. Kf3 Nc3 24. Rc1 Nxe2 25. Ra1 Nc3 26. Rfc1 R8d3 27. a3 f5 28. b4 e5 29. Re1 Ne4 30. Rf1 Ng5+ 0-1

[Event "Arco op 32nd"]
[Site "Arco"]
[Date "2010.10.23"]
[Round "8"]
[White "Gardini, Enrico"]
[Black "Kaczur, Florian"]
[Result "0-1"]
[WhiteElo "1815"]
[BlackElo "2035"]
[PlyCount "80"]
[EventDate "2010.10.16"]
[EventType "swiss"]
[EventRounds "9"]
[EventCountry "ITA"]
[SourceTitle "EXT 2024"]
[Source "ChessBase"]
[SourceDate "2023.10.10"]
[SourceVersion "1"]
[SourceVersionDate "2023.10.10"]
[SourceQuality "1"]

1. c4 g6 2. Nc3 Bg7 3. Nf3 d6 4. g3 c5 5. Bg2 Nc6 6. 0-0 e5 7. d3 Nge7 8. Rb1 0-0 9. a3 a5 10. Bg5 f6 11. Bd2 Be6 12. Qc1 Rc8 13. e4 Rb8 14. Nb5 Nd4 15. Nfxd4 cxd4 16. Qe1 b6 17. h3 Qd7 18. Kh2 f5 19. f3 f4 20. g4 Bf6 21. Qf2 h5 22. Rh1 Kg7 23. Kg1 hxg4 24. fxg4 Rh8 25. Be1 Bh4 26. Qf3 Bxe1 27. Rxe1 g5 28. Qd1 Rh6 29. Qb3 Rf8 30. Bf3 Ng6 31. a4 Rfh8 32. Bg2 Bxg4 33. Nxd6 Bxh3 34. Bxh3 Qxd6 35. Bg2 Rxh1+ 36. Bxh1 g4 37. Qb5 Qe7 38. Qxb6 Rxh1+ 39. Kxh1 Qh4+ 40. Kg2 f3+ 0-1

[Event "Arco op 32nd"]
[Site "Arco"]
[Date "2010.10.22"]
[Round "7"]
[White "Niccoli, Paolo"]
[Black "Gardini, Enrico"]
[Result "0-1"]
[WhiteElo "1962"]
[BlackElo "1815"]
[PlyCount "50"]
[EventDate "2010.10.16"]
[EventType "swiss"]
[EventRounds "9"]
[EventCountry "ITA"]
[SourceTitle "EXT 2024"]
[Source "ChessBase"]
[SourceDate "2023.10.10"]
[SourceVersion "1"]
[SourceVersionDate "2023.10.10"]
[SourceQuality "1"]

1. e4 e5 2. Nf3 d6 3. d4 exd4 4. Nxd4 Bd7 5. Nc3 Nf6 6. Bc4 Be7 7. 0-0 0-0 8. f4 Nc6 9. h3 Nxd4 10. Qxd4 Be6 11. Be3 Qe8 12. Rae1 a6 13. e5 dxe5 14. fxe5 Rd8 15. Qf4 Nd5 16. Nxd5 Bxd5 17. Bd3 Qc6 18. Kh2 Be6 19. Qg3 Kh8 20. Rf4 Qe8 21. Ref1 Rd7 22. Qf3 Bg5 23. Qh5 f5 24. exf6 Qxh5 25. fxg7+ Kxg7 0-1

[Event "Imperia op-A 50th"]
[Site "Imperia"]
[Date "2008.09.04"]
[Round "6"]
[White "Mercandelli, Claudio"]
[Black "Gardini, Enrico"]
[Result "1-0"]
[WhiteElo "1988"]
[BlackElo "1896"]
[PlyCount "63"]
[EventDate "2008.08.31"]
[EventType "swiss"]
[EventRounds "9"]
[EventCountry "ITA"]
[SourceTitle "MCD"]
[Source "ChessBase"]
[SourceDate "1999.07.01"]
[SourceVersion "1"]
[SourceVersionDate "1999.07.01"]
[SourceQuality "1"]

1. Nf3 Nf6 2. g3 d5 3. Bg2 Nc6 4. 0-0 Bg4 5. h3 Bh5 6. d3 e6 7. Nbd2 Bd6 8. c3 0-0 9. a3 Nd7 10. b4 Nde5 11. Bb2 Nxf3+ 12. Nxf3 Rb8 13. c4 Bxf3 14. Bxf3 Ne5 15. Bxe5 Bxe5 16. d4 Bf6 17. cxd5 exd5 18. e3 c6 19. Qb3 Qd7 20. Kg2 Rfd8 21. Rab1 Be7 22. Rfc1 g5 23. b5 f5 24. bxc6 bxc6 25. Qxb8 Rxb8 26. Rxb8+ Kg7 27. Rcb1 g4 28. hxg4 fxg4 29. Bd1 Qf5 30. R1b7 Qe4+ 31. Kg1 h5 32. Re8 1-0

[Event "Latschach op 24th"]
[Site "Latschach"]
[Date "2008.08.09"]
[Round "1"]
[White "Nimtz, Manfred"]
[Black "Gardini, Enrico"]
[Result "1-0"]
[WhiteElo "2274"]
[BlackElo "1896"]
[PlyCount "39"]
[EventDate "2008.08.09"]
[EventType "swiss"]
[EventRounds "9"]
[EventCountry "AUT"]
[SourceTitle "CBM 125 Extra"]
[Source "ChessBase"]
[SourceDate "2008.09.01"]
[SourceVersion "1"]
[SourceVersionDate "2008.09.01"]
[SourceQuality "1"]

1. e4 d5 2. exd5 Qxd5 3. Nc3 Qd6 4. d4 Nf6 5. Nf3 Bg4 6. h3 Bh5 7. g4 Bg6 8. Bg2 c6 9. Ne5 Nd5 10. Nxd5 cxd5 11. c3 Nc6 12. Qa4 f6 13. Nxg6 hxg6 14. Be3 e6 15. 0-0-0 0-0-0 16. Kb1 Qc7 17. Rc1 Na5 18. c4 Nxc4 19. b3 Qb6 20. Ka1 1-0

[Event "Genova Spring 7th"]
[Site "Genova"]
[Date "2004.03.13"]
[Round "3"]
[White "Maiori, Nicola"]
[Black "Gardini, Enrico"]
[Result "0-1"]
[WhiteElo "1813"]
[BlackElo "1620"]
[PlyCount "118"]
[EventDate "2004.03.12"]
[EventType "swiss"]
[EventRounds "5"]
[EventCountry "ITA"]
[SourceTitle "EXT 2024"]
[Source "ChessBase"]
[SourceDate "2023.10.10"]
[SourceVersion "1"]
[SourceVersionDate "2023.10.10"]
[SourceQuality "1"]

1. d4 d5 2. Nf3 Nf6 3. Nbd2 Bg4 4. Ne5 Bf5 5. e3 Nbd7 6. Ndf3 Nxe5 7. Nxe5 Nd7 8. Bd3 Bxd3 9. Nxd3 e6 10. 0-0 Bd6 11. f4 0-0 12. Rf3 Nf6 13. Rh3 b6 14. Bd2 c5 15. Ne5 cxd4 16. exd4 Ne4 17. Qh5 Nf6 18. Qh4 h6 19. Be3 Ne4 20. Qg4 Nf6 21. Qf3 Ne4 22. Ng4 f5 23. Ne5 Bxe5 24. fxe5 Ng5 25. Bxg5 Qxg5 26. Rg3 Qd2 27. Qe3 Qxe3+ 28. Rxe3 Rac8 29. c3 Rc7 30. Rc1 b5 31. b3 Rb8 32. Kf1 Kf7 33. Ke2 g5 34. Kd3 f4 35. Rf3 Kg6 36. h4 Rf7 37. hxg5 hxg5 38. g3 Rbf8 39. g4 Rh8 40. c4 bxc4+ 41. bxc4 dxc4+ 42. Rxc4 Rh4 43. Rc6 Rxg4 44. d5 Kf5 45. Rxe6 Rg3 46. Ke2 Kg4 47. Rf2 Re3+ 48. Kf1 Kf5 49. Rg2 Rg7 50. Re2 Rf3+ 51. Kg2 Rg3+ 52. Kf2 Rf7 53. Re8 Rd3 54. e6 Rh7 55. Rf8+ Kg4 56. Kf1 Rd1+ 57. Kg2 Rhh1 58. Rd2 Rxd2+ 59. Kxh1 Kg3 0-1

[Event "Genova Val Bisagno 2nd"]
[Site "Genova"]
[Date "2001.11.??"]
[Round "2"]
[White "Finocchiaro, Lorenzo"]
[Black "Gardini, Enrico"]
[Result "1-0"]
[WhiteElo "1708"]
[BlackElo "1563"]
[PlyCount "95"]
[EventDate "2001.11.??"]
[EventType "swiss"]
[EventRounds "6"]
[EventCountry "ITA"]
[SourceTitle "EXT 2024"]
[Source "ChessBase"]
[SourceDate "2023.10.10"]
[SourceVersion "1"]
[SourceVersionDate "2023.10.10"]
[SourceQuality "1"]

1. d4 g6 2. Nf3 Bg7 3. Bf4 Nf6 4. e3 d6 5. h3 Nbd7 6. Be2 Nd5 7. Bh2 N7f6 8. c4 Nb6 9. Nc3 0-0 10. 0-0 Re8 11. Qb3 Be6 12. Ng5 Bd7 13. c5 Nbd5 14. Nxd5 Nxd5 15. Qxd5 e6 16. Nxf7 exd5 17. Nxd8 Raxd8 18. cxd6 cxd6 19. Bf3 Bc6 20. Rfc1 h5 21. b4 a6 22. a4 Kf8 23. Bf4 Ke7 24. Rc3 Bf6 25. Be2 Kd7 26. b5 Bxd4 27. bxc6+ bxc6 28. exd4 Rxe2 29. Rg3 Rf8 30. Be3 Rf6 31. Rf3 Rxf3 32. gxf3 Rb2 33. Kg2 Ke6 34. Kg3 Rb8 35. Kh4 Kf5 36. Rc1 Rc8 37. a5 Rc7 38. Kg3 Rc8 39. h4 Rc7 40. Bf4 Ke6 41. Re1+ Kd7 42. Rb1 c5 43. Rb6 Rc6 44. Rxc6 Kxc6 45. Bd2 Kd7 46. Kf4 Ke7 47. Kg5 Kf7 48. f4 1-0

[Event "Genova Val Bisagno 2nd"]
[Site "Genova"]
[Date "2001.11.??"]
[Round "5"]
[White "Gardini, Enrico"]
[Black "Meo, Valerio"]
[Result "1-0"]
[WhiteElo "1563"]
[BlackElo "1443"]
[PlyCount "91"]
[EventDate "2001.11.??"]
[EventType "swiss"]
[EventRounds "6"]
[EventCountry "ITA"]
[SourceTitle "EXT 2024"]
[Source "ChessBase"]
[SourceDate "2023.10.10"]
[SourceVersion "1"]
[SourceVersionDate "2023.10.10"]
[SourceQuality "1"]

1. e4 e5 2. Nf3 d6 3. Nc3 c5 4. Bc4 Be7 5. Nd5 Be6 6. d3 h6 7. Be3 Nf6 8. Nxf6+ Bxf6 9. Bxe6 fxe6 10. Nd2 0-0 11. Qg4 Kf7 12. Nc4 b6 13. f4 exf4 14. Bxf4 e5 15. Bg3 b5 16. Ne3 Bg5 17. Nd5 Kg8 18. h4 Be7 19. Qe6+ Rf7 20. Rf1 Qe8 21. Rxf7 Qxf7 22. Nxe7+ Kf8 23. Ng6+ Kg8 24. Qc8+ Kh7 25. h5 Qg8 26. Qf5 Qe8 27. Nxe5+ Kg8 28. Ng6 Nd7 29. Bxd6 Rc8 30. Ne7+ Kh8 31. Nxc8 Qxc8 32. Ke2 a6 33. Bxc5 Qxc5 34. Qxd7 Qxh5+ 35. Kd2 Qg5+ 36. Kc3 Qe5+ 37. Kb3 Qb8 38. Rf1 a5 39. Rf7 a4+ 40. Kb4 h5 41. Rxg7 Qf8+ 42. Re7 h4 43. Qd4+ Kg8 44. Qd5+ Kh8 45. Qh5+ Kg8 46. Qh7# 1-0